Оценка влияния совместных добавок нанопорошка AlN, полученного плазмодинамическим способом, и микронного порошка Y[2]O[3] на конечные свойства керамики, основанной на промышленном порошке AlN; Интеллектуальные энергосистемы; Т. 1

Detalhes bibliográficos
Parent link:Интеллектуальные энергосистемы: труды IV Международного молодёжного форума, 10-14 октября 2016 г., г. Томск/ Национальный исследовательский Томский политехнический университет (ТПУ), Энергетический институт (ЭНИН).— , 2016
Т. 1.— 2016.— [С. 58-61]
Autor principal: Гуков М. И.
Autor Corporativo: Национальный исследовательский Томский политехнический университет (ТПУ) Энергетический институт (ЭНИН) Кафедра электроснабжения промышленных предприятий (ЭПП)
Outros Autores: Шаненков И. И. Иван Игоревич (научный руководитель), Циммерман А. И. Александр Игоревич, Сивков А. А. Александр Анатольевич
Resumo:Заглавие с титульного экрана
Idioma:russo
Publicado em: 2016
Colecção:Теплофизика и теоретическая теплотехника
Assuntos:
Acesso em linha:http://earchive.tpu.ru/handle/11683/36238
Formato: MixedMaterials Recurso Electrónico Capítulo de Livro
KOHA link:https://koha.lib.tpu.ru/cgi-bin/koha/opac-detail.pl?biblionumber=621487

MARC

LEADER 00000naa2a2200000 4500
001 621487
005 20241029104917.0
035 |a (RuTPU)RU\TPU\conf\20103 
035 |a RU\TPU\conf\20100 
090 |a 621487 
100 |a 20170110d2016 k y0rusy50 ca 
101 0 |a rus 
102 |a RU 
105 |a y z 101zy 
135 |a drgn ---uucaa 
181 0 |a i  
182 0 |a b 
200 1 |a Оценка влияния совместных добавок нанопорошка AlN, полученного плазмодинамическим способом, и микронного порошка Y[2]O[3] на конечные свойства керамики, основанной на промышленном порошке AlN  |f М. И. Гуков, И. И. Шаненков, А. И. Циммерман  |g науч. рук. А. А. Сивков 
203 |a Текст  |c электронный 
225 1 |a Теплофизика и теоретическая теплотехника 
300 |a Заглавие с титульного экрана 
320 |a [Библиогр.: с. 61 (4 назв.)] 
461 1 |0 (RuTPU)RU\TPU\conf\20053  |t Интеллектуальные энергосистемы  |o труды IV Международного молодёжного форума, 10-14 октября 2016 г., г. Томск  |o в 3 т.  |f Национальный исследовательский Томский политехнический университет (ТПУ), Энергетический институт (ЭНИН)  |d 2016 
463 1 |0 (RuTPU)RU\TPU\conf\20054  |t Т. 1  |v [С. 58-61]  |d 2016 
610 1 |a труды учёных ТПУ 
610 1 |a электронный ресурс 
610 1 |a добавки 
610 1 |a нанопорошки 
610 1 |a плазмодинамические методы 
610 1 |a микронные порошки 
610 1 |a керамика 
610 1 |a микроэлектроника 
610 1 |a керамические подложки 
610 1 |a добавки 
700 1 |a Гуков  |b М. И. 
701 1 |a Шаненков  |b И. И.  |c специалист в области электроэнергетики  |c доцент Томского политехнического университета, кандидат наук  |f 1990-  |g Иван Игоревич  |3 (RuTPU)RU\TPU\pers\31744  |9 15856 
701 1 |a Циммерман  |b А. И.  |c специалист в области электроэнергетики  |c инженер Томского политехнического университета  |f 1996-  |g Александр Игоревич  |3 (RuTPU)RU\TPU\pers\46725  |9 22361 
702 1 |a Сивков  |b А. А.  |c специалист в области электроэнергетики  |c профессор Томского политехнического университета, доктор технических наук  |f 1951-  |g Александр Анатольевич  |4 727 
712 0 2 |a Национальный исследовательский Томский политехнический университет (ТПУ)  |b Энергетический институт (ЭНИН)  |b Кафедра электроснабжения промышленных предприятий (ЭПП)  |3 (RuTPU)RU\TPU\col\18676 
801 2 |a RU  |b 63413507  |c 20210118  |g RCR 
856 4 |u http://earchive.tpu.ru/handle/11683/36238 
942 |c BK